Normal view
MARC view
- Seierstad, Asne,
Entry Nombre Personal
001 - NUMERO DE CONTROL
- campo de control: 44726
003 - IDENTIFICADOR DE NUMERO DE CONTROL
- campo de control: UPN
005 - FECHA Y HORA DE LA ÜLTIMA TRANSACCIÓN
- campo de control: 20220606150435.0
008 - DATOS DE LONGITUD FIJA
- campo de control de longitud fija: 220606nnbacn||aabn | a|a d
040 ## - FUENTE DE CATALOGACIÓN
- Agencia original de catalogación: MX-MxUPN
100 1# - ENCABEZAMIENTO - NOMBRE PERSONAL
- Nombre personal: Seierstad, Asne,
- Fechas asociadas con el nombre: 1970-
370 ## - LUGAR ASOCIADO
- Place of birth: Oslo (Noruega)
- Place of residence/headquarters: Oslo (Noruega)
372 ## - CAMPO DE ACTIVIDAD
- Field of activity: Periodismo
- Source of information: lemb
375 ## - GÉNERO
- Gender: femenino
377 ## - LENGUA ASOCIADA
- Language code: nna
- Language term: Noruego
400 ## - VEÁSE - NOMBRE DE PERSONA
- Personal name: Seierusutaddo, Asne,
- Dates associated with a name: 1970-
670 ## - FUENTE EN LA QUE SE LOCALIZARON DATOS
- Cita de la fuente: El librero de Kabul, c2004:
- Información localizada: Solapa posterior (Nacida en Noruega. Ha ejercido el periodismo en forma independiente y cubrió para la prensa escandinava acontecimientos en Chechenia, China y Kosovo)
670 ## - FUENTE EN LA QUE SE LOCALIZARON DATOS
- Cita de la fuente: LC Authorities, 06-06-2022:
- Información localizada: (Encabezamiento: Seierstad, Åsne, 1970-)
- Uniform Resource Identifier: https://lccn.loc.gov/n2003037181
902 ## - CATALOGADOR
- Catalogador: VAGG/060622
